000 00932nam a22003617a 4500
001 BR2024004370
003 BR-BrBNA
005 20241221222453.0
008 241221b bl.||||| |||| 00| 0 por d
020 _a978-85-365-0643-2
040 _aBR-BrBNA
_bpor
041 _apor
072 _aN20
_b4500
090 _a4500 BR2024004370
100 0 _aSilva, Rui Corrêa da
245 _aMáquinas e implementos agrícolas
260 _aSão Paulo, SP (Brasil)
_bÉrica
_c2014
300 _a120 p.
500 _a19 ref.; 58 illus.; 4 tables
650 _aMÁQUINA AGRÍCOLA
650 _aIMPLEMENTO AGRÍCOLA
650 _aMECANIZAÇÃO AGRÍCOLA
650 _aMANUTENÇÃO
650 _aTRATOR
650 _aMOTOR
650 _aLUBRIFICAÇÃO
650 _aLUBRIFICANTE
650 _aTRAÇÃO ANIMAL
650 _aTRAÇÃO MECANIZADA
650 _aMECÂNICA
909 _a202412
_bFernando
942 _cBK
999 _c329398
_d329398